000 01563nam a22003854a 4500
001 ebr10112730
003 CaPaEBR
006 m u
007 cr cn|||||||||
008 030818s2002 caua sb 001 0 eng
020 _z0738425141
040 _aCaPaEBR
_cCaPaEBR
035 _a(OCoLC)560314363
050 1 4 _aQA76.9.D3
_bG82 2002eb
100 1 _aGu, Lijun.
245 1 0 _aDB2 UDB backup and recovery with ESS copy services
_h[electronic resource] /
_c[Lijun (June) Gu, Tarun Bhatnagar, YunCheol Ha].
250 _a1st ed.
260 _aSan Jose, Calif. :
_bIBM Corp., International Technical Support Organization,
_c2002.
300 _axiv, 124 p. :
_bill.
490 1 _aIBM redbooks
500 _a"August 2002."
504 _aIncludes bibliographical references and index.
533 _aElectronic reproduction.
_bPalo Alto, Calif. :
_cebrary,
_d2013.
_nAvailable via World Wide Web.
_nAccess may be limited to ebrary affiliated libraries.
630 0 0 _aIBM Database 2.
650 0 _aDatabase management.
650 0 _aElectronic data processing
_xBackup processing alternatives.
650 0 _aData recovery (Computer science)
655 7 _aElectronic books.
_2local
700 1 _aBhatnagar, Tarun.
700 1 _aHa, YunCheol.
710 2 _aInternational Business Machines Corporation.
_bInternational Technical Support Organization.
710 2 _aebrary, Inc.
830 0 _aIBM redbooks.
856 4 0 _uhttp://site.ebrary.com/lib/rucke/Doc?id=10112730
_zAn electronic book accessible through the World Wide Web; click to view
999 _c107134
_d107134